000 00430nam a2200157 i 4500
001 28388
003 ES-MaACL
007 t|
008 030117s1910 ddr ||||1| eng d
100 1 _aBaedeker, Karl.
_924575
245 1 0 _aGreat Britain
_b: handbook for travellers /
_cby Karl Baedeker.
250 _a7th ed.
260 _aLeipzig :
_b[Brietkopf & Hartel],
_c1910.
300 _a624 p. ;
_c16 cm.
852 _aES-MaACL
_jB-1454
999 _c28388
_d28388